Every Top-Division Football Club in a UEFA Country 2025/26 - Statistics

General Stats
  • This quiz has been taken 180 times
    178 since last reset
  • The average score is 216 of 732
Answer Stats
Uefa Country Team % Correct
Germany Bayern Munich
94%
France Paris Saint-Germain
94%
Italy AC Milan
91%
England Arsenal
91%
Belarus Arsenal Dzerzhinsk
91%
Montenegro Arsenal Tivat
91%
England Aston Villa
91%
England Chelsea
91%
Ukraine Dynamo Kyiv
91%
Finland FC Inter
91%
Italy Inter Milan
91%
England Liverpool
91%
France Lyon
91%
England Manchester City
91%
England Manchester United
91%
Germany Borussia Dortmund
89%
France Marseille
89%
England Tottenham Hotspur
89%
Netherlands Ajax
88%
England Everton
88%
Italy Juventus
88%
France Lille
88%
England Wolverhampton Wanderers
88%
Spain Atlético Madrid
87%
Spain Barcelona
87%
Spain Real Madrid
87%
Italy Roma
87%
Germany Bayer Leverkusen
86%
England Brighton & Hove Albion
86%
Germany Hamburger SV
86%
England Newcastle United
86%
Spain Valencia
86%
Spain Athletic Bilbao
85%
England Burnley
85%
Italy Napoli
85%
Germany VfL Wolfsburg
85%
England West Ham United
85%
Scotland Celtic
84%
Andorra FC Rànger's
84%
Netherlands PSV Eindhoven
84%
Scotland Rangers
84%
Germany 1. FC Köln
83%
England Bournemouth
83%
Germany Eintracht Frankfurt
83%
England Fulham
83%
Türkiye Galatasaray
83%
Sweden Malmö FF
83%
Spain Sevilla
83%
Netherlands Sparta Rotterdam
83%
England Brentford
82%
Denmark Copenhagen
82%
Italy Lazio
82%
Portugal Porto
82%
Austria Red Bull Salzburg
82%
Portugal Benfica
81%
Netherlands Feyenoord
81%
Italy Fiorentina
81%
Iceland KA
81%
England Leeds United
81%
France Monaco
81%
England Nottingham Forest
81%
Greece Olympiacos
81%
Portugal Sporting CP
81%
England Sunderland
81%
Germany VfB Stuttgart
81%
Russia Zenit Saint Petersburg
81%
England Crystal Palace
80%
France Nice
80%
Switzerland Young Boys
80%
Germany RB Leipzig
79%
Belgium Anderlecht
78%
Türkiye Fenerbahçe
78%
Scotland Heart of Midlothian
78%
Spain Real Betis
78%
Austria SK Rapid
77%
France Toulouse
77%
Faroe Islands AB
76%
Croatia Dinamo Zagreb
76%
France Paris FC
76%
Ukraine Shakhtar Donetsk
76%
France Strasbourg
76%
Italy Torino
76%
Germany Union Berlin
76%
Spain Villarreal
76%
Germany Werder Bremen
76%
Belgium Club Brugge
75%
France Nantes
75%
Scotland Aberdeen
74%
Serbia Red Star Belgrade
74%
Switzerland Basel
73%
Türkiye Beşiktaş
73%
Germany Borussia Mönchengladbach
73%
Portugal Braga
73%
Greece AEK Athens
72%
Italy Atalanta
72%
France Brest
72%
Italy Como
72%
Russia CSKA Moscow
72%
Croatia Hajduk Split
72%
Spain Mallorca
72%
Norway Bodø/Glimt
71%
Italy Bologna
71%
Spain Espanyol
71%
Belgium Genk
71%
Italy Genoa
71%
Belgium Gent
71%
Iceland KR
71%
Switzerland Zürich
71%
France Rennes
70%
Belgium Antwerp
69%
Italy Cagliari
69%
Scotland Dundee
69%
Sweden IFK Göteborg
69%
France Lens
69%
Spain Real Sociedad
69%
Czech Republic Slavia Prague
69%
Netherlands AZ
68%
Italy Hellas Verona
68%
Poland Legia Warsaw
68%
Cyprus Olympiakos Nicosia
68%
Czech Republic Sparta Prague
68%
Austria Austria Wien
67%
Spain Getafe
67%
Kazakhstan Astana
66%
Spain Girona
66%
Israel Maccabi Tel Aviv
66%
Greece Panathinaikos
66%
Spain Celta Vigo
65%
Faroe Islands
65%
Germany Mainz 05
65%
Netherlands Utrecht
65%
Italy Parma
64%
Latvia Riga
64%
Germany FC Augsburg
63%
Greece PAOK
63%
Germany SC Freiburg
63%
Albania Tirana
63%
Cyprus APOEL
62%
Germany TSG Hoffenheim
62%
Italy Udinese
62%
Moldova Sheriff Tiraspol
61%
Germany FC St. Pauli
60%
Hungary Ferencváros
60%
Switzerland Grasshopper
60%
Russia Lokomotiv Moscow
60%
Azerbaijan Qarabağ
60%
Bosnia and Herzegovina Sarajevo
60%
Austria Sturm Graz
60%
Netherlands Twente
60%
France Auxerre
59%
Israel Maccabi Haifa
59%
Spain Rayo Vallecano
58%
Italy Sassuolo
58%
Belgium Standard Liège
58%
Türkiye Trabzonspor
58%
Russia Spartak Moscow
57%
Greece AEL
56%
Poland Lech Poznań
56%
France Le Havre
56%
Serbia Partizan
56%
Italy Pisa
56%
Slovakia Slovan Bratislava
56%
France Angers
55%
Spain Elche
55%
Italy Lecce
55%
Slovenia Maribor
55%
Netherlands NAC Breda
55%
Netherlands Groningen
54%
Germany 1. FC Heidenheim
53%
Sweden AIK
53%
Scotland Hibernian
53%
France Metz
53%
Netherlands NEC
53%
Spain Oviedo
53%
Spain Alavés
52%
Bulgaria CSKA Sofia
52%
Finland HJK
52%
Spain Osasuna
51%
Norway Rosenborg
51%
Belgium Union SG
51%
Netherlands Go Ahead Eagles
50%
Spain Levante
50%
Bulgaria Ludogorets Razgrad
50%
Denmark Brøndby
49%
Romania FCSB
49%
Russia Krasnodar
49%
Switzerland Lausanne-Sport
49%
Kosovo Prishtina
49%
Republic of Ireland Shamrock Rovers
49%
Türkiye Antalyaspor
48%
Denmark OB
48%
Russia Rubin Kazan
48%
Malta Valletta
48%
Czech Republic Viktoria Plzeň
48%
Russia Dynamo Moscow
47%
France Lorient
47%
Belgium Cercle Brugge
46%
Switzerland St. Gallen
46%
Belarus BATE Borisov
45%
Italy Cremonese
45%
Scotland Dundee United
45%
Netherlands Heerenveen
45%
Denmark Midtjylland
45%
Belarus Minsk
45%
Belgium Charleroi
44%
Kazakhstan Kairat
44%
Netherlands PEC Zwolle
44%
Croatia Rijeka
44%
Scotland Motherwell
43%
Austria LASK
42%
Norway Molde
42%
Russia Rostov
42%
Norway Viking
42%
Portugal Vitória de Guimarães
42%
Switzerland Thun
41%
Türkiye Başakşehir
40%
Republic of Ireland Derry City
40%
Israel Hapoel Tel Aviv
40%
Gibraltar Lincoln Red Imps
40%
Cyprus Pafos
40%
Hungary Debrecen
39%
Armenia Noah
39%
Norway Tromsø
39%
Wales The New Saints
38%
Scotland Falkirk
37%
Scotland Kilmarnock
37%
Republic of Ireland Galway United
36%
Cyprus Omonia Nicosia
36%
Switzerland Servette
36%
Greece Aris
35%
Cyprus Aris Limassol
35%
Belarus Dinamo Minsk
35%
Georgia Dinamo Tbilisi
35%
Luxembourg Dudelange
35%
Switzerland Lugano
35%
Slovenia Olimpija Ljubljana
35%
Portugal Rio Ave
35%
Republic of Ireland Bohemians
34%
Czech Republic Bohemians 1905
34%
Slovakia Košice
34%
Scotland St Mirren
34%
Hungary Győr
33%
Israel Hapoel Be'er Sheva
33%
Bulgaria Levski Sofia
33%
Estonia Flora
32%
Netherlands Fortuna Sittard
32%
Northern Ireland Linfield
32%
Denmark Nordsjælland
32%
Switzerland Sion
32%
Republic of Ireland Dundalk
31%
Switzerland Luzern
31%
Türkiye Samsunspor
31%
Faroe Islands Víkingur
30%
Iceland Vikingur Reykjavik
30%
Cyprus AEK Larnaca
29%
Luxembourg Differdange 03
29%
Netherlands Heracles Almelo
29%
Poland Jagiellonia Białystok
29%
Belgium Mechelen
29%
Denmark Randers
29%
Russia Sochi
29%
Israel Beitar Jerusalem
28%
Slovenia Celje
28%
Croatia Osijek
28%
Netherlands Volendam
28%
Cyprus AEL Limassol
27%
Latvia Daugavpils
27%
Sweden Djurgårdens IF
27%
Türkiye Konyaspor
27%
Malta Mosta
27%
Latvia RFS
27%
Switzerland Winterthur
27%
Lithuania Žalgiris
27%
Belgium Zulte Waregem
27%
Türkiye Alanyaspor
26%
Portugal Santa Clara
26%
Poland Cracovia
25%
Netherlands Excelsior
25%
Türkiye Gaziantep
25%
Israel Hapoel Haifa
25%
Scotland Livingston
25%
Sweden Mjällby AIF
25%
Slovakia Žilina
25%
Finland AC Oulu
24%
Portugal Estoril Praia
24%
Northern Ireland Larne
24%
Romania Universitatea Craiova
24%
Armenia Ararat-Armenia
23%
Armenia Ararat Yerevan
23%
Romania CFR Cluj
23%
Poland Górnik Zabrze
23%
Sweden Hammarby IF
23%
Iceland ÍA
23%
Finland KuPS
23%
Azerbaijan Neftçi
23%
Bosnia and Herzegovina Zrinjski Mostar
23%
Cyprus Apollon Limassol
22%
Malta Birkirkara
22%
Bosnia and Herzegovina Borac Banja Luka
22%
Georgia Dinamo Batumi
22%
Belarus Gomel
22%
Malta Ħamrun Spartans
22%
Poland Lechia Gdansk
22%
Portugal Nacional
22%
Armenia Pyunik
22%
Denmark Silkeborg
22%
Republic of Ireland Sligo Rovers
22%
Netherlands Telstar
22%
Hungary Újpest
22%
Austria Wolfsberger AC
22%
Cyprus Anorthosis Famagusta
21%
Norway Brann
21%
Slovenia Koper
21%
Ukraine Metalist 1925 Kharkiv
21%
Greece OFI
21%
Hungary Puskás Akadémia
21%
North Macedonia Vardar
21%
Serbia Vojvodina
21%
Belgium Westerlo
21%
Poland Widzew Łódź
21%
Ukraine Zorya Luhansk
21%
Sweden BK Häcken
20%
Republic of Ireland Drogheda United
20%
Estonia FCI Levadia
20%
Belgium Sint-Truiden
20%
San Marino Tre Fiori
20%
Republic of Ireland Waterford
20%
Portugal Arouca
19%
Czech Republic Banik Ostrava
19%
Iceland Breiðablik
19%
Sweden IF Elfsborg
19%
Finland Ilves
19%
Luxembourg Racing FC Union Luxembourg
19%
Poland Raków Częstochowa
19%
Czech Republic Sigma Olomouc
19%
Czech Republic Slovan Liberec
19%
Slovakia Spartak Trnava
19%
Serbia TSC
19%
Croatia Varaždin
19%
Denmark Viborg
19%
Austria WSG Tirol
19%
Malta Żabbar St. Patrick
19%
Bosnia and Herzegovina Željezničar
19%
Portugal Famalicão
18%
Andorra FC Santa Coloma
18%
Andorra UE Santa Coloma
18%
Armenia Van
18%
Norway Aalesund
17%
Denmark AGF
17%
Greece Asteras Tripolis
17%
Moldova Bălți
17%
Montenegro Budućnost
17%
Portugal Casa Pia
17%
Romania Dinamo București
17%
Finland FC Lahti
17%
Portugal Gil Vicente
17%
Northern Ireland Glentoran
17%
Türkiye Göztepe
17%
Israel Hapoel Jerusalem
17%
Türkiye Kasımpaşa
17%
Türkiye Kayserispor
17%
Portugal Moreirense
17%
Hungary MTK
17%
Slovenia Mura
17%
Poland Pogoń Szczecin
17%
Republic of Ireland Shelbourne
17%
North Macedonia Shkëndija
17%
Republic of Ireland St Patrick's Athletic
17%
San Marino Tre Penne
17%
Norway Vålerenga
17%
Poland Wisła Płock
17%
Greece Atromitos
16%
Slovakia DAC Dunajská Streda
16%
Czech Republic Dukla Prague
16%
Latvia Liepāja
16%
Türkiye Rizespor
16%
Azerbaijan Sabah
16%
Denmark Vejle
16%
Bosnia and Herzegovina Velež Mostar
16%
Belarus Vitebsk
16%
Greece Volos
16%
Kazakhstan Aktobe
15%
Northern Ireland Crusaders
15%
Serbia Čukarički
15%
Belgium Dender EH
15%
Kosovo Drita
15%
Gibraltar Europa
15%
Bosnia and Herzegovina Radnik Bijeljina
15%
Serbia Radnik Surdulica
15%
Slovakia Tatran Prešov
15%
Portugal Tondela
15%
Slovakia Trenčín
15%
Moldova Zimbru Chișinău
15%
Russia Akhmat Grozny
14%
Poland Arka Gdynia
14%
Portugal AVS
14%
Faroe Islands B36 Tórshavn
14%
Northern Ireland Bangor
14%
Türkiye Fatih Karagümrük
14%
Gibraltar FC Magpies
14%
Norway Fredrikstad
14%
Azerbaijan Gabala
14%
Poland GKS Katowice
14%
Faroe Islands Havnar Bóltfelag
14%
Finland IFK Mariehamn
14%
Croatia Istra 1961
14%
Czech Republic Jablonec
14%
Sweden Kalmar FF
14%
Belgium La Louvière
14%
Norway Lillestrøm
14%
Bulgaria Lokomotiv Plovdiv
14%
Serbia Novi Pazar
14%
Belgium OH Leuven
14%
Romania Oțelul Galați
14%
Moldova Petrocub Hîncești
14%
Romania Rapid București
14%
Austria SV Ried
14%
Romania Universitatea Cluj
14%
Kosovo Ballkani
13%
Bulgaria Cherno More
13%
Northern Ireland Coleraine
13%
Bulgaria CSKA 1948
13%
Albania Egnatia
13%
Romania Farul Constanța
13%
Iceland FH
13%
Sweden GAIS
13%
Sweden IK Sirius
13%
Czech Republic Mlada Boleslav
13%
Estonia Nõmme Kalju
13%
Albania Partizani
13%
Austria TSV Hartberg
13%
Sweden Västerås SK
13%
Poland Zagłębie Lubin
13%
Czech Republic Zlin
13%
Wales Barry Town United
12%
Austria Blau-Weiss Linz
12%
Bulgaria Botev Plovdiv
12%
Poland Bruk-Bet Termalica Nieciecza
12%
Northern Ireland Cliftonville
12%
Belarus Dynamo Brest
12%
Türkiye Gençlerbirliği
12%
Austria Grazer AK
12%
Malta Hibernians
12%
Czech Republic Hradec Králové
12%
Sweden IF Brommapojkarna
12%
Lithuania Kauno Žalgiris
12%
Norway Kristiansund
12%
Croatia Lokomotiva
12%
Bulgaria Lokomotiv Sofia
12%
Belarus Neman Grodno
12%
Russia Orenburg
12%
Estonia Paide Linnameeskond
12%
Serbia Radnički Niš
12%
Austria Rheindorf Altach
12%
Croatia Slaven Belupo
12%
Malta Sliema Wanderers
12%
Czech Republic Slovácko
12%
Denmark Sønderjyske
12%
Norway Start
12%
Lithuania Sūduva
12%
Czech Republic Teplice
12%
Romania UTA Arad
12%
Albania Vllaznia
12%
Croatia Vukovar 1991
12%
Armenia Alashkert
11%
Portugal Alverca
11%
Montenegro Dečić
11%
Georgia Dila Gori
11%
Türkiye Eyüpspor
11%
Malta Floriana
11%
Denmark Fredericia
11%
Croatia Gorica
11%
Poland Korona Kielce
11%
San Marino La Fiorita
11%
Poland Motor Lublin
11%
Czech Republic Pardubice
11%
Poland Piast Gliwice
11%
Poland Radomiak Radom
11%
Norway Sarpsborg
11%
Georgia Torpedo Kutaisi
11%
Iceland Valur
11%
Bulgaria Arda
10%
Russia Baltika Kaliningrad
10%
Northern Ireland Dungannon Swifts
10%
Portugal Estrela da Amadora
10%
Northern Ireland Glenavon
10%
Ukraine Karpaty Lviv
10%
Czech Republic Karviná
10%
Türkiye Kocaelispor
10%
Russia Krylia Sovetov Samara
10%
Estonia Nõmme United
10%
Norway Sandefjord
10%
North Macedonia Shkupi
10%
Bosnia and Herzegovina Široki Brijeg
10%
Finland SJK
10%
Montenegro Sutjeska
10%
Albania Teuta
10%
Kazakhstan Tobol
10%
San Marino Virtus
10%
Hungary Zalaegerszeg
10%
Northern Ireland Ballymena United
9%
Sweden Degerfors IF
9%
Albania Dinamo City
9%
Russia Dynamo Makhachkala
9%
Faroe Islands EB/Streymur
9%
Lithuania FA Šiauliai
9%
Malta Gżira United
9%
Sweden Halmstads BK
9%
Norway HamKam
9%
Romania Hermannstadt
9%
Georgia Iberia 1999
9%
Israel Ironi Kiryat Shmona
9%
Norway KFUM
9%
Greece Levadiakos
9%
Israel Maccabi Netanya
9%
Moldova Milsami Orhei
9%
Sweden Örgryte IS
9%
Hungary Paks
9%
Greece Panetolikos
9%
Lithuania Panevėžys
9%
Greece Panserraikos
9%
North Macedonia Rabotnički
9%
Bosnia and Herzegovina Rudar Prijedor
9%
Slovakia Ružomberok
9%
Serbia Spartak ŽK
9%
Iceland Stjarnan
9%
Armenia Urartu
9%
Serbia Železničar
9%
Romania Argeș Pitești
8%
Bulgaria Beroe
8%
Romania Botoșani
8%
Israel F.C. Ashdod
8%
Luxembourg FC Swift Hesperange
8%
Latvia FS Jelgava
8%
San Marino Juvenes/Dogana
8%
Iceland Keflavik
8%
Ukraine Kolos Kovalivka
8%
Faroe Islands NSÍ Runavik
8%
Ukraine Oleksandriya
8%
Kazakhstan Ordabasy
8%
Romania Petrolul Ploiești
8%
Northern Ireland Portadown
8%
Armenia Shirak
8%
North Macedonia Sileks
8%
Bosnia and Herzegovina Sloga Doboj
8%
Azerbaijan Sumgayit
8%
Belarus Torpedo-BelAZ Zhodino
8%
Luxembourg Union Titus Pétange
8%
Finland VPS
8%
Greece A.E. Kifisia
7%
Azerbaijan Araz Naxçıvan
7%
Wales Bala Town
7%
Northern Ireland Carrick Rangers
7%
Wales Connah's Quay Nomads
7%
Moldova Dacia Buiucani
7%
Albania Flamurtari
7%
Estonia Harju
7%
Andorra Inter Club d'Escaldes
7%
Luxembourg Jeunesse Esch
7%
Hungary Kisvárda
7%
Ukraine Kryvbas Kryvyi Rih
7%
Estonia Kuressaare
7%
Serbia Napredak
7%
Estonia Narva Trans
7%
Serbia OFK Beograd
7%
Ukraine Polissya Zhytomyr
7%
Ukraine Poltava
7%
Serbia Radnički 1923
7%
Ukraine Rukh Lviv
7%
Bulgaria Slavia Sofia
7%
Gibraltar St Joseph's
7%
Estonia Tammeka
7%
Finland TPS
7%
Russia Akron Tolyatti
6%
Kazakhstan Altai
6%
Slovenia Aluminij
6%
Israel Bnei Sakhnin
6%
Slovenia Bravo
6%
Wales Cardiff Metropolitan University
6%
Wales Colwyn Bay
6%
San Marino Domagnano
6%
Albania Elbasani
6%
Cyprus Enosis Neon Paralimni
6%
Cyprus Ethnikos Achnas
6%
Gibraltar Europa Point
6%
Finland FF Jaro
6%
San Marino Folgore
6%
Iceland Fram
6%
Armenia Gandzasar Kapan
6%
Wales Haverfordwest County
6%
Finland IF Gnistan
6%
Serbia IMT
6%
Azerbaijan Kapaz
6%
Slovakia Komárno
6%
San Marino Libertas
6%
Ukraine LNZ Cherkasy
6%
Gibraltar Manchester 62
6%
Malta Marsaxlokk
6%
Romania Metaloglobus București
6%
Serbia Mladost Lučani
6%
Bulgaria Montana
6%
Montenegro Mornar
6%
Hungary Nyíregyháza
6%
Latvia Ogre United
6%
Cyprus Omonia Aradippou
6%
Russia Pari Nizhny Novgorod
6%
Montenegro Petrovac
6%
Moldova Politehnica UTM
6%
Bosnia and Herzegovina Posušje
6%
Georgia Rustavi
6%
Azerbaijan Şamaxı
6%
San Marino San Marino Academy U22
6%
Bulgaria Spartak Varna
6%
North Macedonia Struga
6%
Azerbaijan Turan Tovuz
6%
Albania Vora
6%
Azerbaijan Zira
6%
Faroe Islands 07 Vestur
5%
Cyprus Akritas Chlorakas
5%
North Macedonia Arsimi
5%
Latvia Auda
5%
Armenia BKMA
5%
Bulgaria Botev Vratsa
5%
Albania Bylis
5%
Wales Caernarfon Town
5%
San Marino Cosmos
5%
Hungary Diósgyőr
5%
Luxembourg FC Progrès Niederkorn
5%
Luxembourg FC UNA Strassen
5%
Kosovo Ferizaj
5%
Wales Flint Town United
5%
Israel Hapoel Petah Tikva
5%
Iceland ÍBV
5%
Azerbaijan İmişli
5%
Belarus Isloch Minsk Raion
5%
Serbia Javor-Matis
5%
Montenegro Jezero
5%
Azerbaijan Karvan Yevlakh
5%
Cyprus Krasava
5%
Gibraltar Lynx
5%
Belarus Maxline Vitebsk
5%
Gibraltar Mons Calpe
5%
Ukraine Obolon Kyiv
5%
Andorra Ordino
5%
North Macedonia Pelister
5%
Wales Penybont
5%
Latvia Tukums 2000
5%
Estonia Vaprus
5%
Slovakia Zemplín Michalovce
5%
North Macedonia AP Brera
4%
Kazakhstan Atyrau
4%
Faroe Islands B68 Toftir
4%
Lithuania Banga
4%
Belarus Baranovichi
4%
North Macedonia Bashkimi
4%
Belarus Belshina Bobruisk
4%
Montenegro Bokelj
4%
Wales Briton Ferry Llansawel
4%
San Marino Cailungo
4%
Andorra CE Carroi
4%
Romania Csíkszereda Miercurea Ciuc
4%
Belarus Dnepr Mogilev
4%
Bulgaria Dobrudzha
4%
Lithuania Džiugas
4%
Kazakhstan Elimai
4%
San Marino Faetano
4%
Luxembourg FC Rodange 91
4%
Luxembourg FC Victoria Rosport
4%
San Marino Fiorentino
4%
Lithuania FK Riteriai
4%
Georgia Gagra
4%
Kosovo Gjilani
4%
Lithuania Hegelmann
4%
Gibraltar Hound Dogs
4%
Israel Ironi Tiberias
4%
Kazakhstan Irtysh
4%
Montenegro Jedinstvo
4%
Kazakhstan Jenis
4%
Kazakhstan Kaisar
4%
Kazakhstan Kaspiy
4%
Hungary Kazincbarcika
4%
Kazakhstan Kyzylzhar
4%
Gibraltar Lions Gibraltar
4%
Wales Llanelli Town
4%
Israel Maccabi Bnei Reineh
4%
North Macedonia Makedonija G.P.
4%
Kosovo Malisheva
4%
San Marino Murata
4%
Belarus Naftan Novopolotsk
4%
Malta Naxxar Lions
4%
Kazakhstan Okzhetpes
4%
Andorra Penya Encarnada
4%
Slovakia Podbrezová
4%
Slovenia Primorje
4%
Kosovo Prishtina e Re
4%
Slovenia Radomlje
4%
San Marino San Giovanni
4%
Bulgaria Septemvri Sofia
4%
Faroe Islands Skála ÍF
4%
Slovakia Skalica
4%
Belarus Slavia Mozyr
4%
Georgia Spaeri
4%
Moldova Spartanii Sportul
4%
Malta Tarxien Rainbows
4%
Iceland Þór Akureyri
4%
North Macedonia Tikvesh
4%
Kazakhstan Ulytau
4%
Romania Unirea Slobozia
4%
Ukraine Veres Rivne
4%
Luxembourg Atert Bissen
3%
Gibraltar College 1975
3%
Kosovo Drenica
3%
Kosovo Dukagjini
3%
Ukraine Epitsentr Kamianets-Podilskyi
3%
Andorra Esperança
3%
Gibraltar Glacis United
3%
Ukraine Kudrivka
3%
Kosovo Llapi
3%
Georgia Meshakhte
3%
Montenegro Mladost Donja Gorica
3%
Latvia Super Nova
3%
Luxembourg US Mondorf-les-Bains
3%
Kazakhstan Zhetysu
3%
Andorra Atlètic Club d'Escaldes
2%
Latvia Grobiņa
2%
Luxembourg Hostert
2%
Luxembourg Jeunesse Canach
2%
Luxembourg Käerjeng '97
2%
Luxembourg Mamer 32
2%
San Marino Pennarossa
2%
Georgia Samgurali Tsqaltubo
2%
Lithuania TransINVEST
2%
No matching quizzes found
Score Distribution
Percent of People with Each Score
Percentile by Number Answered
Your Score History
You have not taken this quiz since the last reset